Tourism and sustainable economic development

Αποθηκεύτηκε σε:
Λεπτομέρειες βιβλιογραφικής εγγραφής
Άλλοι συγγραφείς: Fossati, Amedeo, 1937- (Επιμελητής έκδοσης), Panella, Giorgio
Μορφή: Βιβλίο
Γλώσσα:English
Δημοσίευση: Boston ; Dordrecht ; London : Kluwer Academic Publishers, c2000
Θέματα:
Ετικέτες: Προσθήκη ετικέτας
Δεν υπάρχουν, Καταχωρήστε ετικέτα πρώτοι!

MARC

LEADER 00000cam a2200000 i 4500
001 1/55921
008 040525s2000 eng d
020 |a 0-7923-7908-X 
035 |l 10073513 
040 |a GR-MY-UA  |b gre  |e aacr 
041 0 |a eng 
082 0 |a 338.4791 
245 1 0 |a Tourism and sustainable economic development /  |c edited by Amedeo Fossati and Giorgio Panella 
260 |a Boston ; Dordrecht ; London :   |b Kluwer Academic Publishers,   |c c2000 
300 |a xiii, 253 σ.;  |c 25 εκ. 
500 |a Επιλογή άρθρων του συνεδρίου "Tourism and sustainable economic development" που πραγματοποιήθηκε στην Ιταλία, 29 Μαίου 1998 
504 |a Περιλαμβάνει βιβλιογραφικές αναφορές και ευρετήριο 
650 0 |a Tourism  |x Congresses. 
650 0 0 |a Sustainable development  |x Congresses. 
700 1 |a Fossati, Amedeo,   |d 1937-  |4 edt 
700 1 |a Panella, Giorgio. 
852 |a INST  |b CHIOS  |e 20040525  |h 338.4791 TOU  |p 005200023173  |q 005200023173  |t BK  |y 0 
901 |a BIBL2-2003-3 
909 |a Χ  |b 108923 
970 |a ΣΠΕΝΤΖΑ  |b ΕΛΕΝΗ  |z 2003/12/08